[Event "II. CLANSKA LIGA ZAHOD 2012"]
[Site " Ljubljana"]
[Date "2012.10.21"]
[Round "5.4"]
[White "Baric, Dusan"]
[Black "Pajnhart, Tadej"]
[Result "1-0"]
[WhiteElo "2051"]
[BlackElo "1860"]
[PlyCount "65"]
[EventDate "2012.10.21"]
[WhiteTeam "MATRIKA ZVO - STARI TRG OB KOLPI"]
[BlackTeam "SS KC DR. LOJZ KRAIGER LJUBLJANA"]

1. e4 d5 2. exd5 Qxd5 3. Nf3 Nf6 4. d4 e6 5. Nc3 Qd8 6. Bd3 Be7 7. Bf4 c6 8.
Ne2 O-O 9. c3 Nbd7 10. Qc2 c5 11. O-O-O Qa5 12. Kb1 Nb6 13. Bg5 h6 14. Bxf6
Bxf6 15. g4 Re8 16. h4 cxd4 17. g5 hxg5 18. hxg5 Bxg5 19. Nxg5 Qxg5 20. Rdg1
Qf6 21. Nxd4 Kf8 22. Qb3 g6 23. Rg3 Bd7 24. Bxg6 fxg6 25. Rf3 Kg7 26. Rxf6 Kxf6
27. c4 Rh8 28. Rg1 e5 29. Qf3+ Bf5+ 30. Nxf5 gxf5 31. c5 Nc4 32. Qxb7 Nd2+ 33.
Kc2 1-0

[Event "II. CLANSKA LIGA ZAHOD 2012"]
[Site " Ljubljana"]
[Date "2012.10.21"]
[Round "5.5"]
[White "Pecnik, Primoz"]
[Black "Bedic, Slavko"]
[Result "1-0"]
[WhiteElo "1818"]
[BlackElo "2000"]
[PlyCount "37"]
[EventDate "2012.10.21"]
[WhiteTeam "SS KC DR. LOJZ KRAIGER LJUBLJANA"]
[BlackTeam "MATRIKA ZVO - STARI TRG OB KOLPI"]

1. e4 c5 2. Nf3 d6 3. d4 cxd4 4. c3 dxc3 5. Nxc3 Nc6 6. Bc4 Nf6 7. e5 Na5 8.
Bxf7+ Kxf7 9. Ng5+ Kg8 10. exf6 gxf6 11. Qd5+ e6 12. Nxe6 Bxe6 13. Qxe6+ Kg7
14. O-O Qc8 15. Qd5 Qc5 16. Qf3 Re8 17. Be3 Qc6 18. Qg4+ Kf7 19. Qh5+ 1-0

[Event "II. CLANSKA LIGA ZAHOD 2012"]
[Site " Ljubljana"]
[Date "2012.10.21"]
[Round "5.6"]
[White "Turkovic, Igor"]
[Black "Pavlin, Matic"]
[Result "1-0"]
[WhiteElo "1901"]
[BlackElo "1500"]
[PlyCount "59"]
[EventDate "2012.10.21"]
[WhiteTeam "MATRIKA ZVO - STARI TRG OB KOLPI"]
[BlackTeam "SS KC DR. LOJZ KRAIGER LJUBLJANA"]

1. d4 Nf6 2. c4 g6 3. Nc3 Bg7 4. e4 d6 5. Bd3 O-O 6. Nge2 Nbd7 7. f3 c5 8. d5
Re8 9. Be3 Nb6 10. Qd2 Bd7 11. g4 e6 12. h4 exd5 13. Nxd5 Nbxd5 14. cxd5 b5 15.
Bg5 Qc8 16. h5 Bxg4 17. fxg4 Nxe4 18. Bxe4 Rxe4 19. O-O-O Rxg4 20. hxg6 fxg6
21. Bh6 Be5 22. Rdf1 Qa6 23. Kb1 Rb4 24. Nc3 Qb7 25. Rh3 Rd8 26. Rhf3 Bg7 27.
Qe3 Qd7 28. Rf7 Qxf7 29. Rxf7 Bxh6 30. Qe6 1-0

[Event "II. CLANSKA LIGA ZAHOD 2012"]
[Site " Ljubljana"]
[Date "2012.10.21"]
[Round "5.1"]
[White "Janzelj, Tim"]
[Black "Bajzelj, Primoz"]
[Result "1-0"]
[WhiteElo "2247"]
[BlackElo "2049"]
[PlyCount "44"]
[EventDate "2012.10.21"]
[WhiteTeam "SK IG"]
[BlackTeam "SD SIMP RADOVLJICA"]

1. d4 Nf6 2. c4 e6 3. Nf3 d5 4. cxd5 exd5 5. Nc3 Be7 6. Bg5 Nbd7 7. e3 h6 8.
Bf4 c6 9. h3 O-O 10. Bd3 Re8 11. Qc2 a6 12. g4 Nf8 13. O-O-O N6h7 14. Rdg1 Ng5
15. Ne5 Nge6 16. h4 Bxh4 17. Bxh6 Nxd4 18. exd4 gxh6 19. g5 Bxg5+ 20. f4 f6 21.
Rxh6 Kg7 22. Qh2 Kg8 1-0

[Event "II. CLANSKA LIGA ZAHOD 2012"]
[Site " Ljubljana"]
[Date "2012.10.21"]
[Round "5.2"]
[White "Buha, Drago"]
[Black "Rozic, Samo"]
[Result "0-1"]
[WhiteElo "2011"]
[BlackElo "2085"]
[PlyCount "59"]
[EventDate "2012.10.21"]
[WhiteTeam "SD SIMP RADOVLJICA"]
[BlackTeam "SK IG"]

1. e4 e6 2. d4 d5 3. Nc3 Nf6 4. e5 Nfd7 5. Nf3 c5 6. Bb5 cxd4 7. Qxd4 Nc6 8.
Qa4 Qc7 9. Bxc6 bxc6 10. O-O g6 11. Bf4 Bg7 12. Rfe1 O-O 13. Qd4 Rb8 14. Rab1
h6 15. h4 c5 16. Qd2 Kh7 17. Nxd5 Qc6 18. Nf6+ Bxf6 19. exf6 Rb4 20. Bxh6 Rg4
21. Bxf8 Nxf8 22. Re3 Bb7 23. Kh2 e5 24. Rg1 Qxf6 25. Ng5+ Rxg5 26. hxg5 Qf4+
27. Kh3 Ne6 28. g3 Nxg5+ 29. Kh2 Qg4 30. Rg2 0-1

[Event "II. CLANSKA LIGA ZAHOD 2012"]
[Site " Ljubljana"]
[Date "2012.10.21"]
[Round "5.3"]
[White "Hiti, Domen"]
[Black "Prestrl, Jozef"]
[Result "1-0"]
[WhiteElo "2061"]
[BlackElo "1955"]
[PlyCount "77"]
[EventDate "2012.10.21"]
[WhiteTeam "SK IG"]
[BlackTeam "SD SIMP RADOVLJICA"]

1. d4 d5 2. c4 c6 3. Nf3 Nf6 4. Nc3 g6 5. Bg5 Bg7 6. e3 O-O 7. Qb3 e6 8. Bd3
Nbd7 9. O-O b6 10. cxd5 cxd5 11. Nb5 Ba6 12. Rac1 Bxb5 13. Bxb5 Rc8 14. Qa3
Rxc1 15. Rxc1 a5 16. Ne5 Nb8 17. Ng4 h5 18. Ne5 Kh7 19. h3 Bh6 20. Bxf6 Qxf6
21. Qd6 Kg8 22. Qxb6 Qd8 23. Qxd8 Rxd8 24. Rc7 Rf8 25. Ra7 Bg7 26. Rxa5 Bxe5
27. dxe5 Rc8 28. Kh2 Nc6 29. Bxc6 Rxc6 30. b4 Kf8 31. b5 Rc7 32. b6 Rb7 33.
Ra8+ Kg7 34. Ra6 g5 35. a4 Kg6 36. a5 Kf5 37. Ra7 Rb8 38. Rxf7+ Kxe5 39. b7 1-0

[Event "II. CLANSKA LIGA ZAHOD 2012"]
[Site " Ljubljana"]
[Date "2012.10.21"]
[Round "5.4"]
[White "Krivec, Metod"]
[Black "Rozic, Adrijan"]
[Result "0-1"]
[WhiteElo "1825"]
[BlackElo "2100"]
[PlyCount "86"]
[EventDate "2012.10.21"]
[WhiteTeam "SD SIMP RADOVLJICA"]
[BlackTeam "SK IG"]

1. d4 e6 2. c4 f5 3. g3 Nf6 4. Bg2 Be7 5. Nh3 O-O 6. O-O d6 7. Nd2 e5 8. e3 c6
9. f4 e4 10. Nf2 d5 11. b3 Be6 12. Bb2 Nbd7 13. c5 h5 14. h4 Qe8 15. Nh3 Ng4
16. Qe2 Bf6 17. b4 b6 18. Nb3 bxc5 19. bxc5 a5 20. Ba3 Nb8 21. Nf2 Nh6 22. Nh3
Bc8 23. Rfb1 Ba6 24. Qd2 Bd3 25. Rb2 a4 26. Nc1 Bb5 27. Rab1 Na6 28. Bf1 Nc7
29. Be2 Ng4 30. Bxb5 Nxb5 31. Bb4 Nxe3 32. Bc3 Nc4 33. Qc2 Nxb2 34. Qxb2 e3 35.
Ne2 Qe4 36. Rd1 Rfe8 37. Kh2 Rab8 38. Qc1 Rb7 39. Ba1 Qf3 40. Nhg1 Qe4 41. Qb2
Reb8 42. Qb4 Nxd4 43. Qxa4 Nf3+ 0-1

[Event "II. CLANSKA LIGA ZAHOD 2012"]
[Site " Ljubljana"]
[Date "2012.10.21"]
[Round "5.5"]
[White "Janzelj, Lara"]
[Black "Torkar, Boris"]
[Result "0-1"]
[WhiteElo "1775"]
[BlackElo "1849"]
[PlyCount "72"]
[EventDate "2012.10.21"]
[WhiteTeam "SK IG"]
[BlackTeam "SD SIMP RADOVLJICA"]

1. d4 d5 2. c4 e6 3. Nc3 c6 4. Nf3 Bd6 5. e3 Nf6 6. Be2 Nbd7 7. O-O O-O 8. b3
b6 9. Qc2 Bb7 10. Bb2 Rc8 11. e4 dxe4 12. Nxe4 Be7 13. Rfd1 Nxe4 14. Qxe4 Bf6
15. Ne5 Qc7 16. Bd3 g6 17. Nxd7 Qxd7 18. Qf4 Bg7 19. Bc2 Qc7 20. Qh4 Rfd8 21.
Rd3 Rd7 22. Rad1 Qd8 23. Qg4 Qe7 24. Bc1 Rcd8 25. Be3 f5 26. Qg3 Bf6 27. f3 Qg7
28. Kf1 g5 29. Bf2 h5 30. f4 g4 31. Qe3 Qf7 32. c5 Ba6 33. cxb6 axb6 34. Re1
Bxd4 35. Qxe6 Qxe6 36. Rxe6 Bxf2 0-1

[Event "II. CLANSKA LIGA ZAHOD 2012"]
[Site " Ljubljana"]
[Date "2012.10.21"]
[Round "5.6"]
[White "Pretnar, Bostjan"]
[Black "Jelen, Miha"]
[Result "1-0"]
[WhiteElo "1677"]
[BlackElo "1553"]
[PlyCount "65"]
[EventDate "2012.10.21"]
[WhiteTeam "SD SIMP RADOVLJICA"]
[BlackTeam "SK IG"]

1. d4 d5 2. Bg5 h6 3. Bh4 Nc6 4. e3 Nf6 5. c4 e6 6. Nc3 Be7 7. Nf3 O-O 8. a3
Re8 9. Bd3 Bd7 10. O-O Bd6 11. cxd5 exd5 12. Nxd5 Be7 13. Nxe7+ Qxe7 14. b4 Qe6
15. Rc1 Rac8 16. Bg3 a6 17. Re1 Ne4 18. Bxe4 Qxe4 19. Nd2 Qd3 20. Nb3 Qg6 21.
Nc5 Bg4 22. f3 Bh5 23. Nxb7 Ne7 24. e4 f5 25. Qc2 Rf8 26. Bh4 Rce8 27. Bxe7
Rxe7 28. Nc5 fxe4 29. fxe4 Bf3 30. Kh1 Bg4 31. Qc3 Kh7 32. Qg3 Ref7 33. h3 1-0

[Event "II. CLANSKA LIGA ZAHOD 2012"]
[Site " Ljubljana"]
[Date "2012.10.21"]
[Round "5.1"]
[White "Oberc, Marjan"]
[Black "Rodman, Franc"]
[Result "1/2-1/2"]
[WhiteElo "2049"]
[BlackElo "2148"]
[PlyCount "38"]
[EventDate "2012.10.21"]
[WhiteTeam "SK TRZIN"]
[BlackTeam "SD JESENICE"]

1. e4 e5 2. Nf3 Nc6 3. Bb5 Nf6 4. d4 Nxd4 5. Nxd4 c6 6. Bc4 exd4 7. Qxd4 Qb6 8.
Qe5+ Be7 9. Be3 d6 10. Bxb6 dxe5 11. Bc7 Nxe4 12. Bxe5 O-O 13. Nc3 Bb4 14. a3
Re8 15. axb4 Rxe5 16. O-O-O Be6 17. Bxe6 Rxe6 18. Nxe4 Rxe4 19. Rd7 b6 1/2-1/2

[Event "II. CLANSKA LIGA ZAHOD 2012"]
[Site " Ljubljana"]
[Date "2012.10.21"]
[Round "5.2"]
[White "Zeleznik, Alojz"]
[Black "Jukan, Nesib"]
[Result "1-0"]
[WhiteElo "2202"]
[BlackElo "1975"]
[PlyCount "43"]
[EventDate "2012.10.21"]
[WhiteTeam "SD JESENICE"]
[BlackTeam "SK TRZIN"]

1. e4 e5 2. Nf3 Nf6 3. Nxe5 d6 4. Nc4 Nxe4 5. Nc3 Nxc3 6. bxc3 Be7 7. d4 O-O 8.
Bd3 Bg5 9. O-O Bxc1 10. Rxc1 Qf6 11. Ne3 c6 12. c4 Be6 13. c3 Bd7 14. Rc2 c5
15. Rd2 Be6 16. Qb1 Bc8 17. Bxh7+ Kh8 18. Be4 Nc6 19. Qd3 g6 20. Nd5 Qg5 21. f4
Qd8 22. f5 1-0

[Event "II. CLANSKA LIGA ZAHOD 2012"]
[Site " Ljubljana"]
[Date "2012.10.21"]
[Round "5.3"]
[White "Mihelic, Bojan"]
[Black "Jeraj, Zlatko"]
[Result "0-1"]
[WhiteElo "1764"]
[BlackElo "2070"]
[PlyCount "80"]
[EventDate "2012.10.21"]
[WhiteTeam "SK TRZIN"]
[BlackTeam "SD JESENICE"]

1. b3 d5 2. Bb2 Bf5 3. f4 Nf6 4. Nf3 c5 5. e3 a6 6. Be2 Nc6 7. a3 h6 8. Ne5 e6
9. d3 Qc7 10. Nd2 Nxe5 11. Bxe5 Bd6 12. Bxf6 gxf6 13. Bf3 O-O-O 14. Qe2 Qa5 15.
Kf2 Bg6 16. g3 Qc3 17. Rac1 h5 18. h4 Kb8 19. a4 e5 20. Nb1 Qa5 21. Qd2 Qc7 22.
Nc3 exf4 23. gxf4 d4 24. Nd5 dxe3+ 25. Qxe3 Qd7 26. Nxf6 Qf5 27. Nd5 Rhe8 28.
Qd2 Bf8 29. Be4 Qd7 30. f5 Bh7 31. Qg5 Ka7 32. Qf6 Bd6 33. Rhg1 Be5 34. Qb6+
Kb8 35. Qxc5 Bxf5 36. Rg5 Bg4 37. Ne3 Bd4 38. Qb4 f5 39. c3 Bxe3+ 40. Kxe3
Qxd3+ 0-1

[Event "II. CLANSKA LIGA ZAHOD 2012"]
[Site " Ljubljana"]
[Date "2012.10.21"]
[Round "5.4"]
[White "Hasanagic, Alen"]
[Black "Markic, Vladimir"]
[Result "1-0"]
[WhiteElo "2124"]
[BlackElo "1763"]
[PlyCount "119"]
[EventDate "2012.10.21"]
[WhiteTeam "SD JESENICE"]
[BlackTeam "SK TRZIN"]

1. d4 d5 2. c4 e6 3. Nf3 Nf6 4. g3 Be7 5. Bg2 O-O 6. O-O c6 7. Qc2 Ne4 8. Nc3
f5 9. Ne5 Nd7 10. Nxd7 Bxd7 11. f3 Nxc3 12. Qxc3 Bg5 13. Bxg5 Qxg5 14. f4 Qe7
15. Rac1 Rfc8 16. Qe3 Qf6 17. h3 g6 18. g4 Re8 19. g5 Qg7 20. h4 Kf7 21. Kf2
Rh8 22. Rh1 h5 23. Bf3 Rhe8 24. Rhd1 Kg8 25. Qb3 Rab8 26. Qa3 a6 27. c5 Rbd8
28. Rd3 Bc8 29. Rb3 Qc7 30. e3 Rd7 31. Rb6 Ree7 32. b4 Kf7 33. Qb3 Qd8 34. Ra1
Rc7 35. a4 Qe8 36. Qd1 Kg8 37. Be2 Kf7 38. Qb1 Kg7 39. Ra2 Kf7 40. Ra3 Kg7 41.
b5 axb5 42. axb5 Qf7 43. Ra7 Qe8 44. Qb4 Kh7 45. Qa3 Kg7 46. Ra8 Qf7 47. Rb8 e5
48. dxe5 d4 49. exd4 Qd5 50. Qc3 Qh1 51. Qg3 Qd5 52. bxc6 bxc6 53. Rb4 Rb7 54.
R8xb7 Rxb7 55. Rxb7+ Bxb7 56. Qe3 Qh1 57. Bf3 Qxh4+ 58. Kg2 Kf7 59. e6+ Ke7 60.
Qe5 1-0

[Event "II. CLANSKA LIGA ZAHOD 2012"]
[Site " Ljubljana"]
[Date "2012.10.21"]
[Round "5.5"]
[White "Mihelic, Mitja"]
[Black "Hasanagic, Anel"]
[Result "0-1"]
[WhiteElo "1682"]
[BlackElo "2102"]
[PlyCount "76"]
[EventDate "2012.10.21"]
[WhiteTeam "SK TRZIN"]
[BlackTeam "SD JESENICE"]

1. d4 Nf6 2. c4 g6 3. Nc3 Bg7 4. e4 d6 5. Be2 O-O 6. Nf3 Nc6 7. O-O e5 8. dxe5
Nxe5 9. Nxe5 dxe5 10. Qxd8 Rxd8 11. Bg5 c6 12. Rad1 Be6 13. f3 Rxd1 14. Rxd1
Nd7 15. Nd5 Nf8 16. Nc7 Rc8 17. Nxe6 Nxe6 18. Be3 Bf8 19. Rd7 Bc5 20. Bxc5 Nxc5
21. Re7 Kf8 22. Rxe5 b6 23. Rg5 Ne6 24. Rg4 Rd8 25. e5 Rd2 26. Kf1 Rxb2 27. Re4
Rxa2 28. f4 c5 29. Bg4 Nd4 30. Bc8 Ke7 31. Bb7 a5 32. Ke1 a4 33. Kd1 Rxg2 34.
e6 fxe6 35. Rxe6+ Nxe6 36. Bxg2 Nxf4 37. Bf3 Nd3 38. Kd2 a3 0-1

[Event "II. CLANSKA LIGA ZAHOD 2012"]
[Site " Ljubljana"]
[Date "2012.10.21"]
[Round "5.6"]
[White "Hrenic, Misa"]
[Black "Varga, Ivan"]
[Result "1-0"]
[WhiteElo "2057"]
[BlackElo "1512"]
[PlyCount "95"]
[EventDate "2012.10.21"]
[WhiteTeam "SD JESENICE"]
[BlackTeam "SK TRZIN"]

1. e4 e5 2. Nf3 Nc6 3. d4 exd4 4. Nxd4 d5 5. Bb5 Bd7 6. exd5 Nxd4 7. Bxd7+ Qxd7
8. Qxd4 Nf6 9. c4 b6 10. O-O Bd6 11. Re1+ Kf8 12. h3 Re8 13. Be3 Be5 14. Qd2 h6
15. Nc3 a6 16. Rad1 Qd6 17. Bd4 Bf4 18. Qd3 Rxe1+ 19. Rxe1 h5 20. Ne4 Qd8 21.
Qc3 Ne8 22. Qf3 Bd6 23. c5 bxc5 24. Nxc5 Kg8 25. Nxa6 Rh6 26. Nc5 Nf6 27. Nb7
Qd7 28. Nxd6 Qxd6 29. Bxf6 gxf6 30. a3 Rg6 31. Re8+ Kg7 32. Qxh5 Rh6 33. Qg4+
Rg6 34. Qh4 Rh6 35. Qg3+ Qxg3 36. fxg3 f5 37. Re7 Rd6 38. Rxc7 Rxd5 39. Rc1 Kf6
40. a4 Kg5 41. Ra1 f4 42. gxf4+ Kxf4 43. a5 Rd7 44. a6 Ra7 45. b4 Ke5 46. b5
Kd6 47. b6 Rd7 48. a7 1-0

[Event "II. CLANSKA LIGA ZAHOD 2012"]
[Site " Ljubljana"]
[Date "2012.10.21"]
[Round "5.1"]
[White "Kodric, Vladimir"]
[Black "Bogdanovski, Vlatko"]
[Result "0-1"]
[WhiteElo "1946"]
[BlackElo "2449"]
[PlyCount "40"]
[EventDate "2012.10.21"]
[WhiteTeam "SK LOSKA DOLINA"]
[BlackTeam "SD KOPER"]

1. d4 g6 2. c3 Bg7 3. e4 d6 4. Be3 Nf6 5. f3 O-O 6. Bd3 e5 7. d5 Nh5 8. g4 Nf4
9. Bxf4 exf4 10. Nd2 Nd7 11. Qe2 c6 12. dxc6 bxc6 13. Kd1 Nc5 14. Nb3 Nxb3 15.
axb3 Be6 16. Kc2 Qb6 17. Ra3 Rfb8 18. b4 a5 19. b5 cxb5 20. Nh3 b4 0-1

[Event "II. CLANSKA LIGA ZAHOD 2012"]
[Site " Ljubljana"]
[Date "2012.10.21"]
[Round "5.2"]
[White "Golubovic, Boris"]
[Black "Kljun, Anton"]
[Result "1-0"]
[WhiteElo "2418"]
[BlackElo "1813"]
[PlyCount "87"]
[EventDate "2012.10.21"]
[WhiteTeam "SD KOPER"]
[BlackTeam "SK LOSKA DOLINA"]

1. c4 c6 2. e4 e5 3. Nf3 d6 4. d4 Bg4 5. Be2 Nd7 6. Nc3 Be7 7. d5 Ngf6 8. O-O
O-O 9. Be3 c5 10. Ne1 Bxe2 11. Qxe2 Re8 12. a3 b6 13. Nd3 Nf8 14. b4 N6d7 15.
f3 Ng6 16. g3 Rf8 17. Rab1 f5 18. exf5 Rxf5 19. Ne4 Rf8 20. Kg2 Nf6 21. Ndf2
Nxe4 22. Nxe4 Qd7 23. bxc5 bxc5 24. Rb3 Rf7 25. Qb2 Raf8 26. Rb7 Qa4 27. Qb3
Qxb3 28. Rxb3 Rd8 29. Bd2 Nf8 30. Rfb1 Nd7 31. Rb7 Nb6 32. Ba5 Ra8 33. Bxb6
axb6 34. Rb3 Ra4 35. Rc3 Ra6 36. Rd7 Bf8 37. Rd8 Rfa7 38. Nxd6 Rxa3 39. Rxa3
Rxa3 40. Rb8 Rb3 41. h4 Rb4 42. h5 Rb3 43. Ne4 Kf7 44. Ng5+ 1-0

[Event "II. CLANSKA LIGA ZAHOD 2012"]
[Site " Ljubljana"]
[Date "2012.10.21"]
[Round "5.3"]
[White "Drobnic, Janez"]
[Black "Sirnik, Bostjan"]
[Result "1/2-1/2"]
[WhiteElo "1779"]
[BlackElo "2233"]
[PlyCount "114"]
[EventDate "2012.10.21"]
[WhiteTeam "SK LOSKA DOLINA"]
[BlackTeam "SD KOPER"]

1. d4 d6 2. Nc3 e5 3. dxe5 dxe5 4. Qxd8+ Kxd8 5. Bg5+ f6 6. O-O-O+ Nd7 7. Bd2
c6 8. e4 Ne7 9. f4 exf4 10. Bxf4 Ng6 11. Bg3 Bb4 12. Bc4 Bxc3 13. bxc3 Re8 14.
Nf3 Rxe4 15. Bd3 Ra4 16. Rhe1 Ra5 17. Nd4 Nge5 18. Bxh7 Ke7 19. Bg8 Nb6 20. Nf3
Bg4 21. Nxe5 fxe5 22. Rd4 Be6 23. Bh4+ g5 24. Bxg5+ Kf8 25. Bxe6 exd4 26. Bh6+
Ke7 27. Bb3+ Kf6 28. cxd4 Rh5 29. Bf4 Nd5 30. Bxd5 cxd5 31. Be5+ Ke6 32. g4 Rh3
33. Bg3+ Kd7 34. Re5 Kc6 35. Kb2 Rg8 36. g5 Rh5 37. h4 Rf8 38. c3 Rf3 39. Be1
b5 40. a3 a5 41. Kb3 Rf4 42. a4 b4 43. cxb4 Rf3+ 44. Kb2 axb4 45. Bxb4 Rxh4 46.
Re6+ Kd7 47. Rd6+ Kc7 48. Rf6 Rxf6 49. gxf6 Rxd4 50. Kc3 Rc4+ 51. Kb3 Rf4 52.
Be7 Kd7 53. a5 Rc4 54. a6 Rc7 55. Kb4 d4 56. Bc5 d3 57. Be3 Kc6 1/2-1/2

[Event "II. CLANSKA LIGA ZAHOD 2012"]
[Site " Ljubljana"]
[Date "2012.10.21"]
[Round "5.4"]
[White "Vrcon, Damijan"]
[Black "Stanic, Vitko"]
[Result "1-0"]
[WhiteElo "2167"]
[BlackElo "1796"]
[PlyCount "75"]
[EventDate "2012.10.21"]
[WhiteTeam "SD KOPER"]
[BlackTeam "SK LOSKA DOLINA"]

1. c4 Nf6 2. g3 d5 3. cxd5 Nxd5 4. Bg2 e6 5. Nf3 Be7 6. O-O O-O 7. d4 c6 8. Nc3
Nd7 9. e4 Nc7 10. Qc2 Re8 11. Bf4 Nf8 12. Rad1 Ng6 13. Bc1 b6 14. h4 Bb7 15. h5
Nf8 16. h6 g6 17. Ne5 Qc8 18. Ng4 Rd8 19. Bf4 f6 20. Qb3 Kh8 21. Rfe1 Ne8 22.
e5 f5 23. Nh2 g5 24. Be3 Nc7 25. Nf3 g4 26. Ng5 Re8 27. f3 Nd5 28. Nxd5 exd5
29. fxg4 Bxg5 30. Bxg5 fxg4 31. Bf6+ Kg8 32. Qe3 Qf5 33. Bf1 Bc8 34. Bd3 Qh5
35. Rf1 Be6 36. Rd2 Qf7 37. Rdf2 Qd7 38. Qg5+ 1-0

[Event "II. CLANSKA LIGA ZAHOD 2012"]
[Site " Ljubljana"]
[Date "2012.10.21"]
[Round "5.5"]
[White "Bavec, Vinko"]
[Black "Brecevic, Vladko"]
[Result "0-1"]
[WhiteElo "1615"]
[BlackElo "2112"]
[PlyCount "76"]
[EventDate "2012.10.21"]
[WhiteTeam "SK LOSKA DOLINA"]
[BlackTeam "SD KOPER"]

1. d4 Nf6 2. Nf3 g6 3. g3 Bg7 4. Bg2 d6 5. O-O O-O 6. Nc3 c6 7. Re1 Qc7 8. b3
Rd8 9. Bb2 e5 10. Qc1 e4 11. Nd2 d5 12. e3 h5 13. Ne2 h4 14. Nf4 g5 15. Ne2 Bg4
16. c4 Qd7 17. cxd5 cxd5 18. Nc3 Nc6 19. a3 Rac8 20. Qb1 Re8 21. b4 Bf5 22. Qd1
Ne7 23. Rc1 Ng6 24. Qb3 Kh7 25. Bf1 Rh8 26. Ne2 Rcd8 27. Rc3 Bf8 28. Rec1 Bd6
29. Qd1 Kg7 30. Qe1 Bh3 31. f4 exf3 32. Nxf3 Ne4 33. R3c2 hxg3 34. Nxg3 Bxg3
35. hxg3 Bxf1 36. Ne5 Qh3 37. Rh2 Qxh2+ 38. Kxf1 Nxg3+ 0-1

[Event "II. CLANSKA LIGA ZAHOD 2012"]
[Site " Ljubljana"]
[Date "2012.10.21"]
[Round "5.6"]
[White "Cibej, Marjan"]
[Black "Butina, Sonja"]
[Result "1-0"]
[WhiteElo "1889"]
[BlackElo "1500"]
[PlyCount "109"]
[EventDate "2012.10.21"]
[WhiteTeam "SD KOPER"]
[BlackTeam "SK LOSKA DOLINA"]

1. e4 e5 2. Nc3 d6 3. Bc4 Nf6 4. d3 Nc6 5. Nge2 Be7 6. O-O O-O 7. f4 a6 8. f5
b5 9. Bb3 Nd4 10. Nxd4 exd4 11. Ne2 c5 12. Nf4 Bb7 13. a4 Qb6 14. Nh5 c4 15.
Ba2 Rac8 16. Bg5 Qd8 17. Bxf6 Bxf6 18. Qg4 Bg5 19. Nxg7 Be3+ 20. Kh1 Qg5 21.
Nh5 Qxg4 22. Nf6+ Kh8 23. Nxg4 Bg5 24. Rf3 Rg8 25. Raf1 Rg7 26. Rh3 Rcg8 27.
Rh5 Rc8 28. axb5 axb5 29. f6 Rg6 30. h4 Bd2 31. Nh2 Ra8 32. Rxb5 Bc6 33. Rb6
Rxa2 34. Rxc6 cxd3 35. cxd3 Bb4 36. h5 Rg8 37. g4 Rxb2 38. Rc7 Rf8 39. Nf3 Bc5
40. Ng5 Kg8 41. e5 h6 42. Ne4 Ba3 43. exd6 Rd8 44. d7 Rbb8 45. g5 Bf8 46. g6
Ba3 47. Rg1 Bf8 48. g7 Bb4 49. Rb1 Kh7 50. Rc4 Bc3 51. Rxb8 Rxb8 52. Rc8 Rb1+
53. Kg2 Rb2+ 54. Kf3 Rh2 55. Rh8# 1-0

[Event "II. CLANSKA LIGA ZAHOD 2012"]
[Site " Ljubljana"]
[Date "2012.10.26"]
[Round "6.1"]
[White "Biti, Ozren"]
[Black "Bogdanovski, Vlatko"]
[Result "1/2-1/2"]
[WhiteElo "2380"]
[BlackElo "2449"]
[PlyCount "72"]
[EventDate "2012.10.26"]
[WhiteTeam "SD HIDRIA AET TOLMIN"]
[BlackTeam "SD KOPER"]

1. e4 c6 2. d4 d5 3. e5 Bf5 4. Nd2 e6 5. Nb3 Nd7 6. Nf3 Ne7 7. Be2 Nc8 8. a4
Be7 9. a5 a6 10. O-O O-O 11. h3 Na7 12. c4 dxc4 13. Bxc4 Nb5 14. Qe2 Nc7 15.
Nfd2 Kh8 16. Ne4 Bg6 17. Bd2 Nd5 18. Kh1 Rc8 19. Rac1 Re8 20. f4 Bxe4 21. Qxe4
g6 22. Qf3 Rf8 23. Bd3 f5 24. exf6 Rxf6 25. g4 Bb4 26. f5 Bxd2 27. Nxd2 exf5
28. gxf5 gxf5 29. Bxf5 Ne7 30. Qe4 Nxf5 31. Rxf5 Rxf5 32. Qxf5 Qe7 33. Qe4 Qg5
34. Rg1 Qh6 35. Qg4 Rd8 36. Nf3 Nf6 1/2-1/2

[Event "II. CLANSKA LIGA ZAHOD 2012"]
[Site " Ljubljana"]
[Date "2012.10.26"]
[Round "6.2"]
[White "Golubovic, Boris"]
[Black "Vandersmissen, Mathieu"]
[Result "1-0"]
[WhiteElo "2418"]
[BlackElo "2131"]
[PlyCount "63"]
[EventDate "2012.10.26"]
[WhiteTeam "SD KOPER"]
[BlackTeam "SD HIDRIA AET TOLMIN"]

1. d4 d6 2. Nf3 g6 3. g3 Nf6 4. Bg2 Bg7 5. O-O O-O 6. c4 Nc6 7. Nc3 e5 8. d5
Ne7 9. e4 Bg4 10. h3 Bxf3 11. Bxf3 Kh8 12. Bg2 c6 13. Be3 cxd5 14. cxd5 Ne8 15.
Kh2 f5 16. f4 a6 17. a4 Rc8 18. Qb3 Qd7 19. Rae1 Nf6 20. fxe5 dxe5 21. Bg5 Ne8
22. a5 Nd6 23. Na4 Rce8 24. Nc5 Qb5 25. Qxb5 axb5 26. Ne6 Rf7 27. Bd2 Bf6 28.
Bc3 Ng8 29. exf5 Nxf5 30. g4 Nd6 31. g5 b4 32. Bxb4 1-0

[Event "II. CLANSKA LIGA ZAHOD 2012"]
[Site " Ljubljana"]
[Date "2012.10.26"]
[Round "6.3"]
[White "Raspor, Gregor"]
[Black "Sirnik, Bostjan"]
[Result "0-1"]
[WhiteElo "2114"]
[BlackElo "2233"]
[PlyCount "64"]
[EventDate "2012.10.26"]
[WhiteTeam "SD HIDRIA AET TOLMIN"]
[BlackTeam "SD KOPER"]

1. d4 d5 2. c4 c6 3. Nf3 Nf6 4. Nc3 Qb6 5. e3 Bg4 6. h3 Bh5 7. Bd3 e6 8. O-O
Bb4 9. Bd2 a5 10. b3 O-O 11. Be2 Nbd7 12. a3 Be7 13. Qc2 Bg6 14. Bd3 Bxd3 15.
Qxd3 Rfd8 16. Rfb1 Qa6 17. Ne1 dxc4 18. Qxc4 e5 19. Qxa6 Rxa6 20. Nc2 Nc5 21.
Be1 exd4 22. Nxd4 g6 23. f3 Nd5 24. Nxd5 Rxd5 25. Bc3 Bf6 26. Ra2 Ra8 27. Rd2
Re8 28. Kf2 a4 29. bxa4 Nxa4 30. Ba1 Nc5 31. Rc2 Nd3+ 32. Kf1 Rxe3 0-1

[Event "II. CLANSKA LIGA ZAHOD 2012"]
[Site " Ljubljana"]
[Date "2012.10.26"]
[Round "6.4"]
[White "Vrcon, Damijan"]
[Black "Ursic, Mateja"]
[Result "1-0"]
[WhiteElo "2167"]
[BlackElo "2071"]
[PlyCount "63"]
[EventDate "2012.10.26"]
[WhiteTeam "SD KOPER"]
[BlackTeam "SD HIDRIA AET TOLMIN"]

1. d4 Nf6 2. c4 c5 3. Nf3 e6 4. d5 d6 5. Nc3 e5 6. e4 Be7 7. Be2 O-O 8. O-O Ne8
9. Ne1 Bg5 10. Nd3 Bxc1 11. Rxc1 g6 12. Qd2 Kg7 13. f4 f6 14. Rf3 Qe7 15. Rcf1
Nd7 16. f5 Nb6 17. fxg6 hxg6 18. b3 f5 19. exf5 Rxf5 20. Ne4 Rxf3 21. Rxf3 Bf5
22. Ng3 Bg4 23. Rf2 Bd7 24. Ne4 Bf5 25. Ng3 Bd7 26. a4 Qh4 27. a5 Nc8 28. b4
Qd4 29. bxc5 dxc5 30. Qg5 e4 31. Ne5 Ba4 32. Qxg6+ 1-0

[Event "II. CLANSKA LIGA ZAHOD 2012"]
[Site " Ljubljana"]
[Date "2012.10.26"]
[Round "6.5"]
[White "Anakiev, Dimitar"]
[Black "Brecevic, Vladko"]
[Result "0-1"]
[WhiteElo "2046"]
[BlackElo "2112"]
[PlyCount "80"]
[EventDate "2012.10.26"]
[WhiteTeam "SD HIDRIA AET TOLMIN"]
[BlackTeam "SD KOPER"]

1. d4 Nf6 2. Nf3 g6 3. b3 Bg7 4. Bb2 c6 5. g3 Qa5+ 6. Nbd2 Ne4 7. a3 Nxd2 8.
Qxd2 Qxd2+ 9. Nxd2 d6 10. Bg2 h5 11. Nf3 Bf5 12. O-O-O Be4 13. Rhg1 Nd7 14. Bf1
Bxf3 15. exf3 e6 16. h4 d5 17. c4 dxc4 18. bxc4 Nb6 19. Kc2 O-O-O 20. c5 Nd5
21. Bc4 Ne7 22. g4 hxg4 23. fxg4 Rxh4 24. Rg3 Nd5 25. Bc1 Bh6 26. Bxh6 Rxh6 27.
Rf3 Rh7 28. Re1 Nc7 29. Rd1 b5 30. cxb6 axb6 31. a4 Kd7 32. Rb1 Ra8 33. Rb4 Ra5
34. Kd3 b5 35. axb5 cxb5 36. Bb3 Na6 37. Rxb5 Rxb5 38. Ba4 Nc7 39. Kc4 Kc6 40.
Rb3 Rh1 0-1

[Event "II. CLANSKA LIGA ZAHOD 2012"]
[Site " Ljubljana"]
[Date "2012.10.26"]
[Round "6.6"]
[White "Kerma, Simon"]
[Black "Hozjan, Erik"]
[Result "1-0"]
[WhiteElo "2126"]
[BlackElo "1758"]
[PlyCount "53"]
[EventDate "2012.10.26"]
[WhiteTeam "SD KOPER"]
[BlackTeam "SD HIDRIA AET TOLMIN"]

1. d4 Nf6 2. Nf3 e6 3. Bg5 Be7 4. Nbd2 b6 5. e3 Bb7 6. Bd3 c5 7. c3 d5 8. Ne5
Nbd7 9. Qa4 O-O 10. O-O Nxe5 11. dxe5 Nd7 12. Qh4 g6 13. Bxe7 Qc7 14. Bxf8 Rxf8
15. f4 f5 16. Qe7 Qc6 17. Qd6 Qxd6 18. exd6 Rd8 19. b4 c4 20. Bc2 Nf6 21. h3 h5
22. Nf3 Rxd6 23. a4 a6 24. Ne5 Kg7 25. Rfd1 Ne8 26. g4 Kh6 27. Nf7+ 1-0